Oracle Developer/ 2000 Handbook ( DEPARTMENTAL ) (Record no. 1616)

MARC details
000 -LEADER
fixed length control field 00420nam a2200157Ia 4500
008 - FIXED-LENGTH DATA ELEMENTS--GENERAL INFORMATION
fixed length control field 221030s9999 xx 000 0 und d
020 ## - INTERNATIONAL STANDARD BOOK NUMBER
ISBN 0078821800
041 ## - LANGUAGE CODE
Language code of text/sound track or separate title
082 ## - DEWEY DECIMAL CLASSIFICATION NUMBER
Classification number 105.23
Item number Mul
100 ## - MAIN ENTRY--AUTHOR NAME
Personal name R. J. Muller
245 #0 - TITLE STATEMENT
Title Oracle Developer/ 2000 Handbook ( DEPARTMENTAL )
Statement of responsibility, etc by R. J. Muller
260 ## - PUBLICATION, DISTRIBUTION, ETC. (IMPRINT)
Name of publisher McGraw - Hill Pub.
Place of publication New Delhi
Year of publication 1996
300 ## - PHYSICAL DESCRIPTION
Number of Pages 446
650 ## - SUBJECT ADDED ENTRY--TOPICAL TERM
Topical Term CSE Departmental
942 ## - ADDED ENTRY ELEMENTS (KOHA)
Koha item type Books
Holdings
Accession Number Cost, normal purchase price Full call number Price effective from Koha item type Withdrawn / writtenoff status Materials specified (bound volume or other part) Damaged status Not for loan Permanent Location Current Location Shelving location Date acquired Lost/ Missing status department
BE 321 195.00 105.23 Mul 10/30/2022 Books   Print   Not For Loan MIET Library, Jammu MIET Library, Jammu BL-Departmental, FL-1, CUP-55, SH-1, R-1 11/10/1999   BE